000
00295nam a22001337a 4500
008
170421b xxu||||| |||| 00| 0 eng d
020
_a
9780226439631
041
_a
eng
080
_a
573
100
_a
11
101
_a
SHM
245
_a
HUMAN BIOLOGICAL CARRER
_c
KLEIN.R.G
942
_2
udc
_c
BK
999
_c
11540
_d
11540